| 000 | 00839nam a22002177a 4500 | ||
|---|---|---|---|
| 003 | BUBTL | ||
| 008 | 230122b ||||| |||| 00| 0 eng d | ||
| 020 | _a9847021401529 | ||
| 082 | _a954.92/ H2733s/ 2019 | ||
| 100 |
_95159 _aHasina, Sheikh |
||
| 245 |
_aSecret Documents of Intelligence Branch(IB) on Father of the Nation Bangabandhu Sheikh Mujibur Rahman 1948-1971 Vol-II (1951-1952) / _cSheikh Hasina |
||
| 250 | _a1st Edn. | ||
| 260 |
_aDhaka: _bHakkani Publishers, _cc2019 |
||
| 300 |
_aLII, 568 p.: _bills.; _c27 cm. |
||
| 500 | _aIncludes Index | ||
| 505 | _aSecret Documents of Intelligence Branch(IB), Father of the Nation, Bangabandhu ,Sheikh Mujibur Rahman, 1948-1971, Sheikh Hasina Liberation War | ||
| 650 | 0 |
_94372 _aBangabandhu |
|
| 856 |
_k0 _l0 _yDownload |
||
| 942 |
_2ddc _cBK |
||
| 999 |
_c6931 _d6931 |
||